| 000 | 00518nam a2200157Ia 4500 | ||
|---|---|---|---|
| 008 | 210716s2007 xx 000 0 und d | ||
| 020 | _a9788131501788 | ||
| 041 | _aeng | ||
| 082 | _a621.3916 ANTJ | ||
| 100 | _aAntonakos, James L. | ||
| 245 |
_aIntel microprocessor family: hardware and software principles and applications. _bHardware and software principles and applications. |
||
| 250 | _a1 | ||
| 260 |
_aNew Delhi _bCengage Learning _c2007 |
||
| 300 | _axvii,618 | ||
| 650 | _aMicrocontrollers & Microprocessors | ||
| 999 |
_c190604 _d190604 |
||